Cultura campesina en el Valle de Sixaola /
El texto forma parte de una serie de tres folletos con relatos de campesinos y campesinas de distintas comunidades del distrito de Sixaola, Caribe sur costarricense, en los cuales narran sus formas de producir la tierra y reflexionan sobre su cultura y la historia de la construcción de sus comunidad...
Furkejuvvon:
| Váldodahkki: | |
|---|---|
| Eará dahkkit: | , , , |
| Materiálatiipa: | Dovdameahttun |
| Giella: | Spanish |
| Almmustuhtton: |
San José, Costa Rica :
Universidad de Costa Rica. Instituto de Investigaciones Sociales
|
| Ráidu: | Relatos de campesinos y campesinas del valle de Sixaola
|
| Fáttát: | |
| Fáddágilkorat: |
Lasit fáddágilkoriid
Eai fáddágilkorat, Lasit vuosttaš fáddágilkora!
|
MARC
| LEADER | 00000 a2200000 04500 | ||
|---|---|---|---|
| 001 | 43344 | ||
| 003 | cru CIDCACS/IIS | ||
| 005 | 20171026145927.0 | ||
| 007 | ta | ||
| 008 | 050703s2011 cr spa d | ||
| 999 | |c 1203 |d 1203 | ||
| 020 | |a 978-9968-861-03-8 | ||
| 022 | |a 978-9968-861-03-8 | ||
| 040 | |a cru CIDCACS/IIS |c cru CIDCACS/IIS | ||
| 090 | |a 05.03.07 L791c | ||
| 100 | |a Alemán, José Lino | ||
| 245 | |a Cultura campesina en el Valle de Sixaola / |c José Lino Alemán ; Wilberth Gómez Serrano ; María Paula Morales, compiladora ; Gloriana Martínez, compiladora ; José Julián Llaguno, compilador | ||
| 260 | |a San José, Costa Rica : |b Universidad de Costa Rica. Instituto de Investigaciones Sociales | ||
| 300 | |a 30 páginas : |b fotos | ||
| 440 | |a Relatos de campesinos y campesinas del valle de Sixaola | ||
| 500 | |a Ver además 05.03.07 M828l ; 05.03.07 M851l | ||
| 520 | 4 | |a El texto forma parte de una serie de tres folletos con relatos de campesinos y campesinas de distintas comunidades del distrito de Sixaola, Caribe sur costarricense, en los cuales narran sus formas de producir la tierra y reflexionan sobre su cultura y la historia de la construcción de sus comunidades a partir de la lucha por la tierra.El folleto busca recuperar las historias de esas comunidades mediante los relatos de José Lino Alemán y Wilberth Gómez, dos campesinos y viejos habitantes de la zona que reflexionan sobre la lucha por la sobrevivencia, la relación con la naturaleza el monocultivo y uso de agroquimicos, la experiencia en la exportación y el papel de los jóvenes en el campo. | |
| 590 | |a MBA26112014 | ||
| 650 | |a CULTURA | ||
| 650 | |a CAMPESINADO | ||
| 650 | |a HISTORIA | ||
| 650 | |a COMUNIDADES RURALES | ||
| 650 | |a AGRICULTURA | ||
| 650 | |a TENENCIA DE LA TIERRA | ||
| 650 | |a MONOCULTIVO | ||
| 650 | |a EXPORTACIONES | ||
| 650 | |a COSTA RICA | ||
| 700 | |a Gómez Serrano, Wilberth | ||
| 700 | |a Morales, María Paula, compiladora | ||
| 700 | |a Martínez, Gloriana, compiladora | ||
| 700 | |a Llaguno, José Julián, compilador | ||
| 942 | |2 ddc |c LI | ||



